000 00618nam a2200193Ia 4500
003 GCL
008 140319s9999 xx 000 0 ara d
040 _aGCL /
_cGCL
082 0 4 _a923.1
_bا م
100 1 _aامين الريحانى
245 1 0 _aملوك العرب: رحلة فى البلاد العربية /
_cامين الريحانى
260 _a[S.N] :
_bدار الجيل ،
_c1987
300 _a957 ص
490 _a
650 0 4 _aالحضارة العربية الاسلامية - المعارف البحرية
650 0 4 _aالعرب
650 0 4 _aالملوك والحكام
942 _2ddc
_cBK
999 _c54588
_d54588